header

Inner-midrashic introductions and their influence on introductions to medieval rabbinic Bible commentaries (Record no. 3566)

MARC details
000 -LEADER
fixed length control field 01516nam a2200337Ia 4500
100 1# - MAIN ENTRY--AUTHOR NAME
Personal name Distefano, Michel G.
245 10 - TITLE STATEMENT
Title Inner-midrashic introductions and their influence on introductions to medieval rabbinic Bible commentaries
260 ## - PUBLICATION, DISTRIBUTION, ETC. (IMPRINT)
Place of publication Berlin ;
-- New York :
Name of publisher Walter de Gruyter,
Year of publication c2009.
300 ## - PHYSICAL DESCRIPTION
Number of Pages xvi, 227 p.
490 1# - SERIES STATEMENT
Series statement Studia Judaica, Forschungen zur Wissenschaft des Judentums ;
650 #0 - SUBJECT ADDED ENTRY--TOPICAL TERM
Topical Term Midrash
Topical Term Midrash
856 40 - ELECTRONIC LOCATION AND ACCESS
Uniform Resource Identifier http://site.ebrary.com/lib/rucke/Doc?id=10282643

No items available.

© 2026 Rongo University
Contact us: librarian | system librarian | Rongo university